|
|
|
|
| LEADER |
01928nam a2200421 4500 |
| 001 |
ocm77082387 |
| 003 |
OCoLC |
| 005 |
20180501121909.0 |
| 006 |
m o d |
| 007 |
cr cnu---unuuu |
| 008 |
061219s2005 ne a ob 001 0 eng d |
| 040 |
|
|
|a N$T
|b eng
|e pn
|c N$T
|d YDXCP
|d OCLCQ
|d MERUC
|d OCLCQ
|d OPELS
|d OCLCF
|d OCLCQ
|d EBLCP
|d MHW
|d DEBSZ
|d OCLCQ
|d DEBBG
|d GrThAP
|
| 019 |
|
|
|a 148775888
|a 475998328
|
| 020 |
|
|
|a 0080457789
|q (electronic bk.)
|
| 020 |
|
|
|a 9780080457789
|q (electronic bk.)
|
| 020 |
|
|
|a 0123646510
|q (electronic bk.)
|
| 020 |
|
|
|a 9780123646514
|q (electronic bk.)
|
| 035 |
|
|
|a (OCoLC)77082387
|z (OCoLC)148775888
|z (OCoLC)475998328
|
| 050 |
|
4 |
|a QH581.2
|b .I58eb vol. 247
|
| 072 |
|
7 |
|a SCI
|x 017000
|2 bisacsh
|
| 082 |
0 |
4 |
|a 571.6
|2 22
|
| 049 |
|
|
|a TEFA
|
| 245 |
0 |
0 |
|a International review of cytology :
|b a survey of cell biology.
|n Volume 247 /
|c edited by Kwang W. Jeon.
|
| 246 |
3 |
0 |
|a Survey of cell biology
|
| 260 |
|
|
|a Amsterdam ;
|a Boston :
|b Elsevier Academic Press,
|c Ã2005.
|
| 300 |
|
|
|a 1 online resource (296 pages) :
|b illustrations
|
| 336 |
|
|
|a text
|b txt
|2 rdacontent
|
| 337 |
|
|
|a computer
|b c
|2 rdamedia
|
| 338 |
|
|
|a online resource
|b cr
|2 rdacarrier
|
| 504 |
|
|
|a Includes bibliographical references and index.
|
| 588 |
0 |
|
|a Print version record.
|
| 520 |
|
|
|a Presents reviews in cell biology, both plant and animal. This volume addresses the Keratins of the human hair follicle; calcium channels and Ca2+ fluctuations in sperm physiology; genomic imprinting: cis-acting sequences and regional control; insulin-like growth factor signaling in fishes; cell biology of cardiac cushion development.
|
| 650 |
|
0 |
|a Cytology.
|
| 650 |
|
7 |
|a SCIENCE
|x Life Sciences
|x Cell Biology.
|2 bisacsh
|
| 650 |
|
7 |
|a Cytology.
|2 fast
|0 (OCoLC)fst00886282
|
| 655 |
|
4 |
|a Electronic books.
|
| 700 |
1 |
|
|a Jeon, Kwang W.
|
| 856 |
4 |
0 |
|u https://www.sciencedirect.com/science/bookseries/00747696/247
|z Full Text via HEAL-Link
|